000 01447nam a2200229Ia 4500
003 Ost
005 20260507075652.0
008 260507s9999||||xx |||||||||||||| ||und||
020 _a1024339957
040 _cfsecg
041 _aara
082 _a658.00952
100 _aنجم، نجم عبود
_eمؤلف
245 0 _aالمدخل الياباني الى إدارة العمليات :
_bالإستراتيجية والنظم والأساليب /
_c نجم عبود نجم
260 _aعمان:
_bالوراق للنشر والتوزيع,
_c2004
300 _a398 صفحة؛
_bإيضاحات ؛
_c25 سم
504 _aالمراجع ص.397
520 _aالخصائص الأساسية للتجربة اليابانية- استراتيجية العمليات- نظام تطور الإنتاج للوقت المحدد- نظام انتاج تويوتا- تطبيق نظام الوقت المحدد وامكانات الإستفادة منه- المشكلات الاساسية لنظام الوقت المحدد مقارنة مع الانظمة الحديثة في الإدارة- التوجه الى الزبون في التجربة اليابانية- الإنتاجية في التجربة اليابانية- الخصائص الاساسية للمدخل الياباني في مجال الجودة.
653 _aإدارة الأعمال- اليابان
653 _aإدارة الإنتاج- اليابان
942 _cكتاب
999 _c45630
_d45630